<?xml version="1.0" encoding="UTF-8"?>
<collection xmlns="http://www.loc.gov/MARC21/slim">
 <record>
  <leader>00595nam a2200193   4500</leader>
  <controlfield tag="001">000025147</controlfield>
  <controlfield tag="003">21638</controlfield>
  <controlfield tag="005">20170516080507.0</controlfield>
  <controlfield tag="008">170516s                               sd</controlfield>
  <datafield tag="245" ind1="1" ind2="0">
   <subfield code="a">Nấm lớn ở Việt Nam</subfield>
  </datafield>
  <datafield tag="774" ind1=" " ind2=" ">
   <subfield code="a">Trịnh Tam Kiệt</subfield>
   <subfield code="b">Tái bản lần 2</subfield>
   <subfield code="d">Khoa học Tự nhiên và Công nghệ</subfield>
   <subfield code="d">H.</subfield>
   <subfield code="d">2011</subfield>
   <subfield code="g">Tập 1</subfield>
   <subfield code="h">334 tr.</subfield>
   <subfield code="t">Nấm lớn ở Việt Nam</subfield>
   <subfield code="w">21639</subfield>
  </datafield>
  <datafield tag="OWN" ind1=" " ind2=" ">
   <subfield code="a">LSP</subfield>
  </datafield>
  <datafield tag="999" ind1=" " ind2=" ">
   <subfield code="a">From the UDN01</subfield>
  </datafield>
  <datafield tag="TYP" ind1=" " ind2=" ">
   <subfield code="a">Monograph</subfield>
  </datafield>
  <datafield tag="TYP" ind1=" " ind2=" ">
   <subfield code="a">Printed language</subfield>
  </datafield>
  <datafield tag="980" ind1=" " ind2=" ">
   <subfield code="a">Mạng thư viện Đại học Đà Nẵng</subfield>
  </datafield>
 </record>
</collection>
